000 00300nam a2200121Ia 4500
005 20251222144707.0
008 251222s9999||||xx |||||||||||||| ||spa||
082 _a371.2/C82
100 _aCortez Berrocal, José Raúl
245 0 _aManual de Gestión Pedagógica:
264 _bIPICAE
942 _cLIB
999 _c17684
_d17684